000 01091cam a22002891 4500
001 gs 25000138
003 DLC
005 20260227111329.0
008 760210s1925 dcu b f000 0 eng
010 _ags 25000138
035 _a(OCoLC)1981832
040 _aDLC
_cIDeKN
_dOCoLC
_dDLC
043 _an-us-co
050 0 0 _aQE75
_b.B9 no. 757
051 _aQE92.M57
_bH3
100 1 _aHancock, E. T.
_q(Eugene Thomas),
_d1875-
245 1 0 _aGeology and coal resources of the Axial and Monument Butte quadrangles, Moffat County, Colorado,
_cby E. T. Hancock.
260 _aWashington,
_bGovt. print. off.,
_c1925.
300 _avi, 134 p.
_billus., XIX pl. (part fold., incl. map. diagrs.) tables.
_c23 cm.
490 0 _aU.S. Geological survey. Bulletin 757
500 _aAt head of title: Dept. of the interior.
500 _aMap and diagram folded in pocket.
504 _aIncludes bibliographical references.
650 0 _aGeology
_zColorado
_zMoffat County.
650 0 _aCoal
_zColorado
_zMoffat County.
740 0 _aAxial and Monument Butte quadrangles, Moffat county, Colorado.
999 _c26381
_d26381